[Event "SVK-ch U18/20 Girls"]
[Site "Tatralandia"]
[Date "2024.04.05"]
[Round "1"]
[White "Bochnickova, Simona"]
[Black "Fajtakova, Silvia"]
[Result "1-0"]
[WhiteElo "1943"]
[BlackElo "1746"]
[PlyCount "73"]
[EventDate "2024.04.05"]
[EventType "swiss"]
[EventRounds "9"]
[EventCountry "SVK"]
[SourceTitle "CB16_2024"]
[SourceDate "2024.04.17"]
[SourceVersion "1"]
[SourceVersionDate "2024.04.17"]
[SourceQuality "1"]

1. e4 e5 2. Nf3 Nc6 3. Bc4 Nf6 4. d3 Bc5 5. 0-0 h6 6. c3 d6 7. Re1 Bg4 8. b4 Bb6 9. a4 a6 10. Nbd2 0-0 11. h3 Bh5 12. Nf1 Kh8 13. Ng3 Bg6 14. Qb3 Nh5 15. Nxh5 Bxh5 16. g4 Bg6 17. Kg2 f5 18. exf5 Qf6 19. Bd5 Bh7 20. d4 exd4 21. Re6 Qd8 22. Bf4 Bg8 23. h4 Bxe6 24. Bxe6 dxc3 25. Bg5 Qb8 26. Bxh6 Nd4 27. Qxc3 Nxe6 28. fxe6 Rf6 29. g5 Rxh6 30. gxh6 Qf8 31. a5 Ba7 32. Re1 Re8 33. Qxc7 gxh6 34. Qxb7 Qf6 35. Qf7 Rg8+ 36. Kf1 Qb2 37. Qxa7 1-0

[Event "Wch U16 Girls"]
[Site "Montesilvano"]
[Date "2023.11.15"]
[Round "3"]
[White "Schebacher, Solene"]
[Black "Bochnickova, Simona"]
[Result "1-0"]
[WhiteElo "1859"]
[BlackElo "2043"]
[PlyCount "107"]
[EventDate "2023.11.13"]
[EventType "swiss"]
[EventRounds "11"]
[EventCountry "ITA"]
[SourceTitle "CB48_2023"]
[SourceDate "2023.11.29"]
[SourceVersion "1"]
[SourceVersionDate "2023.11.29"]
[SourceQuality "1"]

1. e4 c5 2. Nf3 d6 3. c3 Nf6 4. h3 Nc6 5. Bd3 e5 6. Bc2 g6 7. 0-0 Bg7 8. Re1 0-0 9. d3 d5 10. Nbd2 Re8 11. a4 b6 12. Bb3 h6 13. Qc2 Bb7 14. Nf1 Rc8 15. Ba2 a6 16. Rb1 b5 17. axb5 axb5 18. exd5 Nxd5 19. Qb3 Na5 20. Qc2 b4 21. Be3 Qb6 22. N1d2 Qc7 23. Rbc1 bxc3 24. bxc3 Kh7 25. Nb3 Nxb3 26. Bxb3 f5 27. Qd1 e4 28. dxe4 Nxc3 29. Qc2 Bxe4 30. Qb2 Qa5 31. Kh1 c4 32. Bd4 Bxd4 33. Nxd4 cxb3 34. Qxb3 Bd5 35. Rxe8 Bxb3 36. Rxc8 Bf7 37. R1xc3 Qa1+ 38. Kh2 Qa5 39. g3 Kg7 40. R8c7 Qe5 41. Nf3 Qd5 42. Ra3 g5 43. Ng1 Qd2 44. Raa7 Qxf2+ 45. Kh1 Qd4 46. Rxf7+ Kg6 47. Rfe7 Qc4 48. Rac7 Qd5+ 49. Kh2 f4 50. g4 Qd2+ 51. Re2 Qd6 52. Rec2 f3+ 53. Kh1 f2 54. R2c6 1-0

[Event "EU-ch U16 Girls rapid"]
[Site "Terme Catez"]
[Date "2023.09.29"]
[Round "8"]
[White "Tadic, Ana"]
[Black "Bochnickova, Simona"]
[Result "0-1"]
[WhiteElo "1743"]
[BlackElo "1877"]
[PlyCount "85"]
[EventDate "2023.09.28"]
[EventType "swiss (rapid)"]
[EventRounds "9"]
[EventCountry "SLO"]
[SourceTitle "EXT 2024"]
[Source "ChessBase"]
[SourceDate "2023.10.10"]
[SourceVersion "1"]
[SourceVersionDate "2023.10.10"]
[SourceQuality "1"]

1. e4 c5 2. Nf3 d6 3. d4 cxd4 4. Qxd4 Nc6 5. Bb5 Bd7 6. Bxc6 Bxc6 7. Nc3 h6 8. Be3 Nf6 9. 0-0-0 e6 10. Kb1 Be7 11. Qd3 0-0 12. Nd4 Rc8 13. f3 a6 14. g4 Nd7 15. Qe2 b5 16. Qg2 Ba8 17. Nce2 Nb6 18. Bc1 d5 19. e5 Nd7 20. f4 Nc5 21. Rhg1 f6 22. g5 hxg5 23. h4 fxe5 24. fxe5 Ne4 25. Nxe6 Qa5 26. Nxf8 Bxf8 27. Nd4 Bc5 28. Nb3 Qb6 29. Nxc5 Qxc5 30. Bxg5 d4 31. Qe2 Qb4 32. Kc1 Nc3 33. bxc3 dxc3 34. Rd3 Be4 35. Rd6 Bh7 36. Qg4 Qb2+ 37. Kd1 Qb1+ 38. Bc1 Qxc2+ 39. Ke1 Qxc1+ 40. Kf2 Rf8+ 41. Kg2 Qe3 42. Qe6+ Kh8 43. Qg4 0-1

[Event "Skalica op-A"]
[Site "Skalica"]
[Date "2023.08.22"]
[Round "4"]
[White "Bochnickova, Simona"]
[Black "Sai, Mahati A"]
[Result "0-1"]
[WhiteElo "2063"]
[BlackElo "1878"]
[PlyCount "88"]
[EventDate "2023.08.19"]
[EventType "swiss"]
[EventRounds "9"]
[EventCountry "SVK"]
[SourceTitle "CBM 215 Extra"]
[Source "ChessBase"]
[SourceDate "2023.09.30"]
[SourceVersion "1"]
[SourceVersionDate "2023.09.30"]
[SourceQuality "1"]

1. e4 c5 2. Nf3 e6 3. d4 cxd4 4. Nxd4 Nc6 5. Nc3 Qc7 6. Qd3 a6 7. Nxc6 Qxc6 8. Qg3 b5 9. Bd3 Bb7 10. 0-0 d6 11. Re1 Ne7 12. a4 bxa4 13. Rxa4 Rc8 14. Be3 Ng6 15. Rea1 Be7 16. Rxa6 Bxa6 17. Rxa6 Qb7 18. Bb5+ Kf8 19. Ra7 Qb8 20. Qf3 Rxc3 21. bxc3 Qxb5 22. Ra8+ Bd8 23. h3 Ne5 24. Rxd8+ Ke7 25. Rxh8 Nxf3+ 26. gxf3 h6 27. Rg8 g6 28. Kg2 h5 29. h4 Qe5 30. Bg5+ Kd7 31. Rd8+ Kc6 32. c4 f6 33. Bh6 g5 34. Bf8 g4 35. Rxd6+ Kb7 36. c5 Qf4 37. Rb6+ Kc8 38. Rb3 gxf3+ 39. Rxf3 Qxe4 40. Be7 f5 41. Bd6 Kd7 42. c4 e5 43. Bf8 f4 44. Bd6 Ke6 0-1

[Event "Piestany op-A"]
[Site "Piestany"]
[Date "2023.07.17"]
[Round "7"]
[White "Pasti, Aron"]
[Black "Bochnickova, Simona"]
[Result "1-0"]
[WhiteElo "2336"]
[BlackElo "2056"]
[PlyCount "87"]
[EventDate "2023.07.11"]
[EventType "swiss"]
[EventRounds "9"]
[EventCountry "SVK"]
[SourceTitle "EXT 2024"]
[Source "ChessBase"]
[SourceDate "2023.10.10"]
[SourceVersion "1"]
[SourceVersionDate "2023.10.10"]
[SourceQuality "1"]

1. e4 c5 2. Nf3 Nc6 3. Bb5 e6 4. 0-0 Nge7 5. Re1 a6 6. Bf1 d5 7. exd5 Nxd5 8. d4 cxd4 9. Nxd4 Bc5 10. Nxc6 Qf6 11. Qe2 bxc6 12. Nd2 Nf4 13. Qf3 Nd5 14. Qg3 Qg6 15. Ne4 Qxg3 16. hxg3 Be7 17. Rd1 f5 18. Nd2 Bf6 19. c4 Nb4 20. Nb3 Rb8 21. Bf4 Rb7 22. Nc5 Ra7 23. a3 Nc2 24. Rac1 Nd4 25. Be3 e5 26. f4 Be7 27. Nd3 c5 28. Nxe5 Ne6 29. Be2 0-0 30. Bf3 Rc7 31. Bd5 Kh8 32. Bd2 Nd4 33. Ba5 Rb7 34. Bxb7 Bxb7 35. Re1 Nb3 36. Rcd1 Nxa5 37. Nf7+ Rxf7 38. Rxe7 Rf8 39. b4 cxb4 40. axb4 Bxg2 41. bxa5 Bc6 42. Rd6 Rc8 43. Rxc6 Rxc6 44. Re8# 1-0

[Event "SVK-chB op"]
[Site "Bratislava"]
[Date "2023.07.08"]
[Round "8"]
[White "Bochnickova, Simona"]
[Black "Mandak, Miroslav"]
[Result "1/2-1/2"]
[WhiteElo "2056"]
[BlackElo "1857"]
[PlyCount "77"]
[EventDate "2023.07.01"]
[EventType "swiss"]
[EventRounds "9"]
[EventCountry "SVK"]
[SourceTitle "CBM 215 Extra"]
[Source "ChessBase"]
[SourceDate "2023.09.30"]
[SourceVersion "1"]
[SourceVersionDate "2023.09.30"]
[SourceQuality "1"]

1. e4 c5 2. Nf3 e6 3. g3 Nc6 4. Bg2 Nf6 5. Qe2 Be7 6. 0-0 0-0 7. c3 e5 8. Rd1 d6 9. d4 Qc7 10. d5 Nd8 11. h3 Ne8 12. g4 g6 13. Bh6 Ng7 14. Nbd2 f6 15. b4 b6 16. a4 Nf7 17. Bxg7 Kxg7 18. a5 Bd7 19. b5 Rfb8 20. Rdb1 bxa5 21. Bf1 Bd8 22. Qd1 Qc8 23. Bc4 f5 24. Nh2 Ng5 25. Bf1 Nxe4 26. Nxe4 fxe4 27. Qe2 Bc7 28. Qxe4 Qe8 29. Nf3 Qe7 30. Ne1 Rf8 31. Nd3 Rae8 32. c4 Rf7 33. Re1 Qh4 34. Bg2 Ref8 35. Ra2 h5 36. f3 Bc8 37. Rb2 Bd7 38. Rbb1 Bc8 39. Rb2 1/2-1/2

[Event "SVK-chT1W 2223"]
[Site "Slovakia"]
[Date "2023.02.04"]
[Round "8.4"]
[White "Travenec, Igor"]
[Black "Bochnickova, Simona"]
[Result "1/2-1/2"]
[WhiteElo "2124"]
[BlackElo "2100"]
[PlyCount "58"]
[EventDate "2022.10.15"]
[EventType "team-tourn"]
[EventRounds "11"]
[EventCountry "SVK"]
[SourceTitle "EXT 2024"]
[Source "ChessBase"]
[SourceDate "2023.10.10"]
[SourceVersion "1"]
[SourceVersionDate "2023.10.10"]
[SourceQuality "1"]
[WhiteTeam "Bratislava Slovan III"]
[BlackTeam "Bratislava KSN"]
[WhiteTeamCountry "SVK"]
[BlackTeamCountry "SVK"]

1. e4 e5 2. Nf3 Nc6 3. d4 exd4 4. Bc4 Nf6 5. e5 d5 6. Bb5 Ne4 7. Nxd4 Bd7 8. Bxc6 bxc6 9. 0-0 Bc5 10. f3 Ng5 11. f4 Ne4 12. Nc3 Nxc3 13. bxc3 0-0 14. Kh1 Re8 15. Nb3 Bb6 16. a4 a5 17. Ba3 Re6 18. Bc5 Rh6 19. f5 Qh4 20. h3 g5 21. Qe1 Re8 22. e6 Qxe1 23. Raxe1 fxe6 24. Kh2 Rf6 25. fxe6 Rfxe6 26. Rxe6 Bxe6 27. Kg3 Kg7 28. Bd4+ Bxd4 29. cxd4 Bf7 1/2-1/2

[Event "EU-ch Rapid"]
[Site "Katowice"]
[Date "2022.12.17"]
[Round "4"]
[White "Cherniaiev, Tykhon"]
[Black "Bochnickova, Simona"]
[Result "1-0"]
[WhiteElo "2330"]
[BlackElo "2009"]
[PlyCount "61"]
[EventDate "2022.12.17"]
[EventType "swiss (rapid)"]
[EventRounds "11"]
[EventCountry "POL"]
[SourceTitle "CBM 211 Extra"]
[Source "ChessBase"]
[SourceDate "2023.01.31"]
[SourceVersion "1"]
[SourceVersionDate "2023.01.31"]
[SourceQuality "1"]

1. Nf3 f5 2. d3 Nf6 3. e4 d6 4. exf5 Bxf5 5. d4 g6 6. Bd3 Bd7 7. Ng5 Bg7 8. Qf3 Nc6 9. c3 Bg4 10. Qe3 Qc8 11. h3 Bd7 12. 0-0 0-0 13. Bc4+ d5 14. Bb3 h6 15. Ne4 e6 16. Nc5 b6 17. Nd3 Kh7 18. Nf4 Ne4 19. Bc2 Be8 20. f3 Ng5 21. h4 Rxf4 22. Qxf4 Nf7 23. h5 Ne7 24. Qh4 Nf5 25. hxg6+ Kxg6 26. g4 Bf6 27. Qh5+ Kg7 28. gxf5 Ng5 29. Qg4 h5 30. Qg2 Qd8 31. f4 1-0

[Event "EU-ch Rapid"]
[Site "Katowice"]
[Date "2022.12.17"]
[Round "2"]
[White "Karolczuk, Iwo"]
[Black "Bochnickova, Simona"]
[Result "1-0"]
[WhiteElo "2327"]
[BlackElo "2009"]
[PlyCount "83"]
[EventDate "2022.12.17"]
[EventType "swiss (rapid)"]
[EventRounds "11"]
[EventCountry "POL"]
[SourceTitle "CBM 211 Extra"]
[Source "ChessBase"]
[SourceDate "2023.01.31"]
[SourceVersion "1"]
[SourceVersionDate "2023.01.31"]
[SourceQuality "1"]

1. e4 e5 2. Nf3 Nc6 3. Bb5 Nf6 4. d3 Ne7 5. 0-0 Ng6 6. Re1 c6 7. Ba4 b5 8. Bb3 Be7 9. d4 d6 10. h3 0-0 11. c3 Be6 12. Bxe6 fxe6 13. Qb3 Qd7 14. Ng5 d5 15. exd5 Nxd5 16. Qd1 Bxg5 17. Bxg5 Rf5 18. Be3 Qf7 19. Nd2 Ngf4 20. Ne4 Qg6 21. Qg4 Raf8 22. Rad1 exd4 23. Qxg6 Nxg6 24. Bxd4 a6 25. Ng3 R5f7 26. Rxe6 Rc8 27. Nh5 Ndf4 28. Nxf4 Nxf4 29. Re4 c5 30. Be3 Ng6 31. Rd6 a5 32. Rb6 b4 33. Rb5 bxc3 34. bxc3 Rd8 35. Rxa5 Rd1+ 36. Kh2 Rb7 37. Rxc5 Rbb1 38. Rc7 h5 39. h4 Ra1 40. Bd4 Rh1+ 41. Kg3 Rxa2 42. Rxg7+ 1-0

[Event "Kezmarok op"]
[Site "Kezmarok"]
[Date "2022.09.30"]
[Round "8"]
[White "Juracak, David"]
[Black "Bochnickova, Simona"]
[Result "0-1"]
[WhiteElo "1708"]
[BlackElo "1903"]
[PlyCount "56"]
[EventDate "2022.09.24"]
[EventType "swiss"]
[EventRounds "9"]
[EventCountry "SVK"]
[SourceTitle "CBM 210 Extra"]
[Source "ChessBase"]
[SourceDate "2022.11.30"]
[SourceVersion "1"]
[SourceVersionDate "2022.11.30"]
[SourceQuality "1"]

1. d4 d5 2. c4 e6 3. Nf3 Nf6 4. Nc3 Be7 5. e3 0-0 6. b3 a6 7. Bb2 Nbd7 8. Rc1 Ne4 9. cxd5 Nxc3 10. Bxc3 exd5 11. Bd3 f5 12. 0-0 Nf6 13. Qc2 Ne4 14. Ne5 Be6 15. Ba5 b6 16. Nc6 Qe8 17. Nxe7+ Qxe7 18. Be1 c5 19. Bxe4 fxe4 20. dxc5 Qg5 21. Kh1 bxc5 22. Qxc5 Rf6 23. Qd6 Rg6 24. Qg3 Qh5 25. Qd6 Bg4 26. Qc5 Bf3 27. Rg1 Rxg2 28. Rxg2 Qg5 0-1

[Event "Skalica op-B"]
[Site "Skalica"]
[Date "2022.08.28"]
[Round "9"]
[White "Bochnickova, Simona"]
[Black "Hrbek, Jachym"]
[Result "1/2-1/2"]
[WhiteElo "1843"]
[BlackElo "1779"]
[PlyCount "53"]
[EventDate "2022.08.20"]
[EventType "swiss"]
[EventRounds "9"]
[EventCountry "SVK"]
[SourceTitle "CBM 209 Extra"]
[Source "ChessBase"]
[SourceDate "2022.09.30"]
[SourceVersion "1"]
[SourceVersionDate "2022.09.30"]
[SourceQuality "1"]

1. e4 c6 2. d4 d5 3. Nc3 dxe4 4. Nxe4 Bf5 5. Ng3 Bg6 6. h4 h6 7. Nf3 Nf6 8. Ne5 Bh7 9. Bc4 e6 10. Nh5 Nbd7 11. Bf4 Nxe5 12. Bxe5 Qa5+ 13. c3 Nxh5 14. Qxh5 Bg6 15. Qf3 h5 16. a4 Bf5 17. Qg3 Qd8 18. Bf4 Qd7 19. 0-0 0-0-0 20. b4 Bd6 21. b5 f6 22. Bxd6 Qxd6 23. Qxd6 Rxd6 24. Rfe1 Kc7 25. Re3 Re8 26. bxc6 bxc6 27. Rae1 1/2-1/2